Online
Catalog

El último instante ; La broma del senador / (Record no. 11039)

MARC details
000 -CABECERA
campo de control de longitud fija 00981nam a2200253 a 4500
001 - NÚMERO DE CONTROL
campo de control 000011332
005 - FECHA Y HORA DE LA ÚLTIMA TRANSACCIÓN
campo de control 20250120084525.0
008 - DATOS DE LONGITUD FIJA--INFORMACIÓN GENERAL
campo de control de longitud fija 091016s1958 dr a 001 0 spa d
040 ## - FUENTE DE LA CATALOGACIÓN
Centro catalogador/agencia de origen DO-SdBNP
Lengua de catalogación spa
Centro/agencia transcriptor BNPHU
082 ## - NÚMERO DE LA CLASIFICACIÓN DECIMAL DEWEY
Número de clasificación RD862.44
Número de documento/Ítem D671u
100 1# - ENTRADA PRINCIPAL--NOMBRE DE PERSONA
Nombre de persona Domínguez, Franklin
9 (RLIN) 26932
245 13 - MENCIÓN DE TÍTULO
Título El último instante ; La broma del senador /
Mención de responsabilidad, etc. Franklin Domínguez ; prólogo Máximo Avilés Blonda.
246 13 - FORMA VARIANTE DE TÍTULO
Título propio/Titulo breve La broma del senador
260 ## - PUBLICACIÓN, DISTRIBUCIÓN, ETC.
Lugar de publicación, distribución, etc. Ciudad Trujillo, República Dominicana :
Nombre del editor, distribuidor, etc. [s.n.],
Fecha de publicación, distribución, etc. 1958.
300 ## - DESCRIPCIÓN FÍSICA
Extensión 127 p. :
Otras características físicas il. ;
Dimensiones 22 cm.
490 1# - MENCIÓN DE SERIE
Mención de serie Silbo vulnerado
505 0# - NOTA DE CONTENIDO CON FORMATO
Información miscelánea Prólogo /
Mención de responsabilidad Máximo Avilés Blonda --
Título El último instante --
-- La broma del senador.
563 ## - NOTA DE ENCUADERNACIÓN
Nota de encuadernación Dos obras encuadernadas juntas con paginación continua.
650 #0 - PUNTO DE ACCESO ADICIONAL DE MATERIA--TÉRMINO DE MATERIA
Término de materia o nombre geográfico como elemento de entrada Teatro dominicano
9 (RLIN) 637
650 #0 - PUNTO DE ACCESO ADICIONAL DE MATERIA--TÉRMINO DE MATERIA
Término de materia o nombre geográfico como elemento de entrada Literatura dominicana.
9 (RLIN) 67
700 1# - PUNTO DE ACCESO ADICIONAL--NOMBRE DE PERSONA
Nombre de persona Avilés Blonda, Máximo,
Fechas asociadas al nombre 1931-1988
Término indicativo de función/relación pról.
9 (RLIN) 7914
830 #0 - PUNTO DE ACCESO ADICIONAL DE SERIE-TÍTULO UNIFORME
Título uniforme Silbo vulnerado
9 (RLIN) 24319
910 ## - DATOS DE OPCIÓN DEL USUARIO (OCLC)
Datos de opción del usuario Validado. Control de calidad EMS
Holdings
Estado de retiro Estado de pérdida Restricciones de uso No para préstamo Código de colección Localización permanente Ubicación/localización actual Ubicación en estantería Fecha de adquisición Número de inventario Total de préstamos Signatura topográfica completa Código de barras Fecha visto por última vez Precio válido a partir de Tipo de ítem Koha Nota pública Número de copia
      Excluido de préstamo Raros y valiosos Patrimonio Dominicano Patrimonio Dominicano Depósito 16.10.2009 LF1   RD862.44 D671u 11332-10 25.06.2020 25.06.2020 No se presta Dedicado a Rafael L. Trujillo  
      Excluido de préstamo Raros y valiosos Patrimonio Dominicano Patrimonio Dominicano Depósito 02.05.2012 LF1   RD862.44 D671u 11332-20 25.06.2020 25.06.2020 No se presta   e. 2

Powered by Koha